Land use change in tropical watersheds evidence, causes and remedies /

Bibliographic Details
Corporate Author: ProQuest (Firm)
Other Authors: Coxhead, Ian A., Shively, Gerald.
Format: Electronic eBook
Language:English
Published: Wallingford, UK ; Cambridge, MA : CABI Pub., c2005.
Subjects:
Online Access:Click to View
LEADER 01504nam a22003974a 4500
001 EBC289662
003 MiAaPQ
005 20200520144314.0
006 m o d |
007 cr cn|||||||||
008 050426s2005 enkab sb 001 0 eng
010 |z  2005011812 
015 |a GBA575772  |2 bnb 
016 7 |z 013288067  |2 Uk 
020 |z 0851999123 (alk. paper) 
035 |a (MiAaPQ)EBC289662 
035 |a (Au-PeEL)EBL289662 
035 |a (CaPaEBR)ebr10157958 
035 |a (CaONFJC)MIL73574 
035 |a (OCoLC)133165463 
040 |a MiAaPQ  |c MiAaPQ  |d MiAaPQ 
043 |a a-ph--- 
050 4 |a HD908  |b .L36 2005 
082 0 4 |a 333.76/09599  |2 22 
245 0 0 |a Land use change in tropical watersheds  |h [electronic resource] :  |b evidence, causes and remedies /  |c edited by Ian Coxhead and Gerald Shively. 
260 |a Wallingford, UK ;  |a Cambridge, MA :  |b CABI Pub.,  |c c2005. 
300 |a xi, 191 p. :  |b ill. (some col.), maps. 
504 |a Includes bibliographical references and index. 
533 |a Electronic reproduction. Ann Arbor, MI : ProQuest, 2015. Available via World Wide Web. Access may be limited to ProQuest affiliated libraries. 
650 0 |a Land use, Rural  |z Philippines  |v Case studies. 
650 0 |a Watershed management  |z Philippines  |v Case studies. 
655 4 |a Electronic books. 
700 1 |a Coxhead, Ian A. 
700 1 |a Shively, Gerald. 
710 2 |a ProQuest (Firm) 
856 4 0 |u https://ebookcentral.proquest.com/lib/matrademy/detail.action?docID=289662  |z Click to View